00838nam a2200265Ia 450000100060000000300090000600800410001504000130005604000130006904100120008210000190009410000290011324500400014224500650018225000110024726000140025826000250027226000490029730000570034650000650040365000280046865000310049670000170052770000280054423670IT-RoPAU130308s9999 xx 000 0 und d aIT-RoPAU cIT-RoPAU aINGLESE aMcLeod Jack M. gCodice Aut. SPICS: 6229 aOn the Nature of Mass Media Effects bTelevision And Social Behavior: Beyond violence And Children a1a ed. aHILLSDALE bLawrence Erlbaum As. c1980 [1° Ed.:1980 - Ed.Ling.Originale:1980] a"38 p. (prefazione: no ; testo: 38 [pagine: 17-54])" aEffetti dei Mass Media Complessità degli stimoli dei Media aSAGGI SULLA TELEVISIONE eCodice materia Spics: 6961 aReeves Byron gCodice Aut. SPICS: 7430